Classical Biological Control of Bemisia tabaci in the United States - A Review of Interagency Research and Implementation

This book reviews the interagency research and development effort on classical biological control in the USA from 1992-2002. The successful exploration, importation, screening, evaluation, rearing, and establishment of at least five exotic Bemisia. tabaci natural enemies in rapid response to the dev...

Full description

Bibliographic Details
Corporate Author: SpringerLink (Online service)
Other Authors: Gould, Juli (Editor), Hoelmer, Kim (Editor), Goolsby, John (Editor)
Format: Electronic eBook
Language:English
Published: Dordrecht : Springer Netherlands, 2008.
Series:Progress in Biological Control ; 4
Subjects:
Online Access:Full Text via HEAL-Link
LEADER 04050nam a22005055i 4500
001 978-1-4020-6740-2
003 DE-He213
005 20151204185539.0
007 cr nn 008mamaa
008 100301s2008 ne | s |||| 0|eng d
020 |a 9781402067402  |9 978-1-4020-6740-2 
024 7 |a 10.1007/978-1-4020-6740-2  |2 doi 
040 |d GrThAP 
050 4 |a S1-S972 
072 7 |a TVB  |2 bicssc 
072 7 |a TEC003000  |2 bisacsh 
082 0 4 |a 630  |2 23 
245 1 0 |a Classical Biological Control of Bemisia tabaci in the United States - A Review of Interagency Research and Implementation  |h [electronic resource] /  |c edited by Juli Gould, Kim Hoelmer, John Goolsby. 
264 1 |a Dordrecht :  |b Springer Netherlands,  |c 2008. 
300 |a XVII, 343 p.  |b online resource. 
336 |a text  |b txt  |2 rdacontent 
337 |a computer  |b c  |2 rdamedia 
338 |a online resource  |b cr  |2 rdacarrier 
347 |a text file  |b PDF  |2 rda 
490 1 |a Progress in Biological Control ;  |v 4 
505 0 |a Foreign Exploration for Insect Natural Enemies of Bemisia for Use in Biological Control in the USA: A Successful Program -- Entomopathogenic Fungi for Control of Bemisia tabaci Biotype B: Foreign Exploration, Research and Implementation -- Systematics and Biology of Encarsia -- The Genus Eretmocerus -- Molecular Characterization with RAPD-PCR: Application of Genetic Diagnostics to Biological Control of the Sweetpotato Whitefly -- Quarantine Evaluation of Parasitoids Imported into the USA for Biocontrol of Bemisia tabaci Biotype B -- Evaluation of Exotic Parasitoids and Predators in Field Cages in California -- Field Evaluation of Bemisia Parasitoids in Texas -- Mass-Rearing Bemisia Parasitoids for Support of Classical and Augmentative Biological Control Programs -- Release and Recovery of Exotic Parasitoids of Bemisia tabaci in the Lower Rio Grande Valley of Texas -- Release and Recovery of Four Species of Eretmocerus against Bemisia tabaci Biotype B in Arizona -- Release and Recovery of Exotic Natural Enemies of Bemisia tabaci (Biotype “B”) ((Hemiptera: Aleyrodidae) in Imperial Valley, California -- Releases of Exotic Parasitoids of Bemisia tabaci in San Joaquin Valley, California -- Habitat Management for the Establishment of Bemisia Natural Enemies -- Integrating Parasitoid Releases with Traditional Control Methodologies: Experience in the Spring Melon Production System in the Southwestern USA -- Multivariate Analysis of Bemisia tabaci Biotype B and Associated Parasitoid Populations within the Imperial Valley Agricultural System -- Indigenous Parasitoids of Bemisia in the USA and Potential for Non-Target Impacts of Exotic Parasitoid Introductions. 
520 |a This book reviews the interagency research and development effort on classical biological control in the USA from 1992-2002. The successful exploration, importation, screening, evaluation, rearing, and establishment of at least five exotic Bemisia. tabaci natural enemies in rapid response to the devastating infestations in the USA is a landmark in interagency cooperation and coordination of multiple disciplines. In this volume, the various authors present detailed reviews of natural enemy exploration, introduction, and evaluation efforts that will serve as a guide to support and encourage classical biological control inputs into other integrated pest management systems. 
650 0 |a Life sciences. 
650 0 |a Agriculture. 
650 0 |a Plant pathology. 
650 0 |a Entomology. 
650 1 4 |a Life Sciences. 
650 2 4 |a Agriculture. 
650 2 4 |a Entomology. 
650 2 4 |a Plant Pathology. 
700 1 |a Gould, Juli.  |e editor. 
700 1 |a Hoelmer, Kim.  |e editor. 
700 1 |a Goolsby, John.  |e editor. 
710 2 |a SpringerLink (Online service) 
773 0 |t Springer eBooks 
776 0 8 |i Printed edition:  |z 9781402067396 
830 0 |a Progress in Biological Control ;  |v 4 
856 4 0 |u http://dx.doi.org/10.1007/978-1-4020-6740-2  |z Full Text via HEAL-Link 
912 |a ZDB-2-SBL 
950 |a Biomedical and Life Sciences (Springer-11642)